<?xml version="1.0" encoding="UTF-8"?>
<record
    xmlns:xsi="http://www.w3.org/2001/XMLSchema-instance"
    xsi:schemaLocation="http://www.loc.gov/MARC21/slim http://www.loc.gov/standards/marcxml/schema/MARC21slim.xsd"
    xmlns="http://www.loc.gov/MARC21/slim">

  <leader>01058cam a2200301 a 4500</leader>
  <datafield tag="999" ind1=" " ind2=" ">
    <subfield code="c">30456</subfield>
    <subfield code="d">264956</subfield>
  </datafield>
  <controlfield tag="001">170029866</controlfield>
  <controlfield tag="003">OCoLC</controlfield>
  <controlfield tag="005">20220315101640.0</controlfield>
  <controlfield tag="008">070828s2008    njua     b    001 0 eng  </controlfield>
  <datafield tag="020" ind1=" " ind2=" ">
    <subfield code="a">9780132067119 (cased)</subfield>
  </datafield>
  <datafield tag="020" ind1=" " ind2=" ">
    <subfield code="a">013198926X (cased)</subfield>
  </datafield>
  <datafield tag="022" ind1=" " ind2=" ">
    <subfield code="2">9781292096070</subfield>
  </datafield>
  <datafield tag="040" ind1=" " ind2=" ">
    <subfield code="a">Ma-Un</subfield>
    <subfield code="c">Ma-Un</subfield>
  </datafield>
  <datafield tag="082" ind1="0" ind2="4">
    <subfield code="a">621.395</subfield>
    <subfield code="2">22</subfield>
    <subfield code="b">MML</subfield>
  </datafield>
  <datafield tag="100" ind1="1" ind2=" ">
    <subfield code="a">Mano, M. Morris,</subfield>
    <subfield code="d">1927-</subfield>
    <subfield code="9">36619</subfield>
  </datafield>
  <datafield tag="245" ind1="1" ind2="0">
    <subfield code="a">Logic and computer design fundamentals /</subfield>
    <subfield code="c">M. Morris Mano, Charles R. Kime.</subfield>
  </datafield>
  <datafield tag="250" ind1=" " ind2=" ">
    <subfield code="a">4th ed.</subfield>
  </datafield>
  <datafield tag="260" ind1=" " ind2=" ">
    <subfield code="a">Upper Saddle River, N.J. :</subfield>
    <subfield code="b">Pearson Education/Prentice Hall,</subfield>
    <subfield code="c">c2008.</subfield>
  </datafield>
  <datafield tag="300" ind1=" " ind2=" ">
    <subfield code="a">xvii, 678 p. :</subfield>
    <subfield code="b">ill. ;</subfield>
    <subfield code="c">24 cm.</subfield>
  </datafield>
  <datafield tag="500" ind1=" " ind2=" ">
    <subfield code="a">Previous ed.: 2006.</subfield>
  </datafield>
  <datafield tag="504" ind1=" " ind2=" ">
    <subfield code="a">Includes bibliographical references and index.</subfield>
  </datafield>
  <datafield tag="650" ind1=" " ind2="0">
    <subfield code="a">Electronic digital computers</subfield>
    <subfield code="x">Circuits.</subfield>
    <subfield code="9">36620</subfield>
  </datafield>
  <datafield tag="650" ind1=" " ind2="0">
    <subfield code="a">Logic circuits.</subfield>
    <subfield code="9">36621</subfield>
  </datafield>
  <datafield tag="650" ind1=" " ind2="0">
    <subfield code="a">Electronic digital computers</subfield>
    <subfield code="x">Circuits</subfield>
    <subfield code="v">Problems, exercises, etc.</subfield>
    <subfield code="9">36622</subfield>
  </datafield>
  <datafield tag="650" ind1=" " ind2="0">
    <subfield code="a">Logic circuits</subfield>
    <subfield code="v">Problems, exercises, etc.</subfield>
    <subfield code="9">36623</subfield>
  </datafield>
  <datafield tag="700" ind1="1" ind2=" ">
    <subfield code="a">Kime, Charles R.</subfield>
    <subfield code="9">36624</subfield>
  </datafield>
  <datafield tag="942" ind1=" " ind2=" ">
    <subfield code="2">ddc</subfield>
    <subfield code="c">BOOK</subfield>
  </datafield>
  <datafield tag="952" ind1=" " ind2=" ">
    <subfield code="1">0</subfield>
    <subfield code="2">2013-08-19</subfield>
    <subfield code="4">0</subfield>
    <subfield code="7">0</subfield>
    <subfield code="a">621.395 MML</subfield>
    <subfield code="c">1</subfield>
    <subfield code="d">2013-08-19</subfield>
    <subfield code="h">SZM</subfield>
    <subfield code="i">00450618</subfield>
    <subfield code="m">SZM</subfield>
    <subfield code="r">2013-08-19 00:00:00</subfield>
    <subfield code="t">BOOK</subfield>
    <subfield code="w">ddc</subfield>
    <subfield code="y">0</subfield>
  </datafield>
  <datafield tag="952" ind1=" " ind2=" ">
    <subfield code="1">0</subfield>
    <subfield code="2">2013-08-19</subfield>
    <subfield code="4">0</subfield>
    <subfield code="7">0</subfield>
    <subfield code="a">621.395 MML</subfield>
    <subfield code="c">2</subfield>
    <subfield code="d">2013-08-19</subfield>
    <subfield code="h">SZM</subfield>
    <subfield code="i">00450617</subfield>
    <subfield code="m">SZM</subfield>
    <subfield code="r">2013-08-19 00:00:00</subfield>
    <subfield code="t">BOOK</subfield>
    <subfield code="w">ddc</subfield>
    <subfield code="y">0</subfield>
  </datafield>
  <datafield tag="952" ind1=" " ind2=" ">
    <subfield code="1">0</subfield>
    <subfield code="2">2013-08-19</subfield>
    <subfield code="4">0</subfield>
    <subfield code="7">1</subfield>
    <subfield code="a">621.395 MML</subfield>
    <subfield code="c">3</subfield>
    <subfield code="d">2013-08-19</subfield>
    <subfield code="h">SZM</subfield>
    <subfield code="i">00450616</subfield>
    <subfield code="m">SZM</subfield>
    <subfield code="o">1</subfield>
    <subfield code="q">2020-12-10</subfield>
    <subfield code="r">2020-12-24 00:00:00</subfield>
    <subfield code="t">BOOK</subfield>
    <subfield code="w">ddc</subfield>
    <subfield code="y">1</subfield>
  </datafield>
  <datafield tag="952" ind1=" " ind2=" ">
    <subfield code="1">0</subfield>
    <subfield code="2">2013-08-23</subfield>
    <subfield code="4">0</subfield>
    <subfield code="7">0</subfield>
    <subfield code="a">621.395 MML</subfield>
    <subfield code="c">1</subfield>
    <subfield code="d">2013-08-23</subfield>
    <subfield code="h">CL</subfield>
    <subfield code="i">00450615</subfield>
    <subfield code="m">CL</subfield>
    <subfield code="q">2020-02-16</subfield>
    <subfield code="r">2021-11-03 00:00:00</subfield>
    <subfield code="t">BOOK</subfield>
    <subfield code="w">ddc</subfield>
    <subfield code="y">1</subfield>
  </datafield>
  <datafield tag="952" ind1=" " ind2=" ">
    <subfield code="1">0</subfield>
    <subfield code="2">2013-08-23</subfield>
    <subfield code="4">0</subfield>
    <subfield code="7">0</subfield>
    <subfield code="a">621.395 MML</subfield>
    <subfield code="c">2</subfield>
    <subfield code="d">2013-08-23</subfield>
    <subfield code="h">CL</subfield>
    <subfield code="i">00450614</subfield>
    <subfield code="m">CL</subfield>
    <subfield code="q">2020-02-16</subfield>
    <subfield code="r">2020-09-07 00:00:00</subfield>
    <subfield code="t">BOOK</subfield>
    <subfield code="w">ddc</subfield>
    <subfield code="y">1</subfield>
  </datafield>
  <datafield tag="952" ind1=" " ind2=" ">
    <subfield code="1">0</subfield>
    <subfield code="2">2013-08-23</subfield>
    <subfield code="4">0</subfield>
    <subfield code="7">1</subfield>
    <subfield code="a">621.395 MML</subfield>
    <subfield code="c">3</subfield>
    <subfield code="d">2013-08-23</subfield>
    <subfield code="h">CL</subfield>
    <subfield code="i">00450613</subfield>
    <subfield code="m">CL</subfield>
    <subfield code="r">2013-08-23 00:00:00</subfield>
    <subfield code="t">BOOK</subfield>
    <subfield code="w">ddc</subfield>
    <subfield code="y">0</subfield>
  </datafield>
  <datafield tag="952" ind1=" " ind2=" ">
    <subfield code="1">0</subfield>
    <subfield code="2">2022-03-15</subfield>
    <subfield code="4">0</subfield>
    <subfield code="7">0</subfield>
    <subfield code="a">621.395 MML</subfield>
    <subfield code="d">2022-03-15</subfield>
    <subfield code="h">IC</subfield>
    <subfield code="i">00169086</subfield>
    <subfield code="m">IC</subfield>
    <subfield code="r">2022-03-15 00:00:00</subfield>
    <subfield code="t">BOOK</subfield>
    <subfield code="w">ddc</subfield>
    <subfield code="y">0</subfield>
  </datafield>
  <datafield tag="952" ind1=" " ind2=" ">
    <subfield code="1">0</subfield>
    <subfield code="2">2022-03-15</subfield>
    <subfield code="4">0</subfield>
    <subfield code="7">0</subfield>
    <subfield code="a">621.395 MML</subfield>
    <subfield code="d">2022-03-15</subfield>
    <subfield code="h">IC</subfield>
    <subfield code="i">00169087</subfield>
    <subfield code="m">IC</subfield>
    <subfield code="r">2022-03-15 00:00:00</subfield>
    <subfield code="t">BOOK</subfield>
    <subfield code="w">ddc</subfield>
    <subfield code="y">0</subfield>
  </datafield>
  <datafield tag="952" ind1=" " ind2=" ">
    <subfield code="1">0</subfield>
    <subfield code="2">2022-03-15</subfield>
    <subfield code="4">0</subfield>
    <subfield code="7">0</subfield>
    <subfield code="a">621.395 MML</subfield>
    <subfield code="d">2022-03-15</subfield>
    <subfield code="h">SRM</subfield>
    <subfield code="i">00169088</subfield>
    <subfield code="m">SRM</subfield>
    <subfield code="r">2022-03-15 00:00:00</subfield>
    <subfield code="t">BOOK</subfield>
    <subfield code="w">ddc</subfield>
    <subfield code="y">0</subfield>
  </datafield>
  <datafield tag="952" ind1=" " ind2=" ">
    <subfield code="1">0</subfield>
    <subfield code="2">2022-03-15</subfield>
    <subfield code="4">0</subfield>
    <subfield code="7">0</subfield>
    <subfield code="a">621.395 MML</subfield>
    <subfield code="d">2022-03-15</subfield>
    <subfield code="h">SRM</subfield>
    <subfield code="i">00169089</subfield>
    <subfield code="m">SRM</subfield>
    <subfield code="r">2022-03-15 00:00:00</subfield>
    <subfield code="t">BOOK</subfield>
    <subfield code="w">ddc</subfield>
    <subfield code="y">0</subfield>
  </datafield>
  <datafield tag="952" ind1=" " ind2=" ">
    <subfield code="1">0</subfield>
    <subfield code="2">2022-03-15</subfield>
    <subfield code="4">0</subfield>
    <subfield code="7">0</subfield>
    <subfield code="a">621.395 MML</subfield>
    <subfield code="d">2022-03-15</subfield>
    <subfield code="h">SGF</subfield>
    <subfield code="i">00169090</subfield>
    <subfield code="m">SGF</subfield>
    <subfield code="r">2022-03-15 00:00:00</subfield>
    <subfield code="t">BOOK</subfield>
    <subfield code="w">ddc</subfield>
    <subfield code="y">0</subfield>
  </datafield>
  <datafield tag="952" ind1=" " ind2=" ">
    <subfield code="1">0</subfield>
    <subfield code="2">2022-03-15</subfield>
    <subfield code="4">0</subfield>
    <subfield code="7">0</subfield>
    <subfield code="a">621.395 MML</subfield>
    <subfield code="d">2022-03-15</subfield>
    <subfield code="h">SGF</subfield>
    <subfield code="i">00169091</subfield>
    <subfield code="m">SGF</subfield>
    <subfield code="r">2022-03-15 00:00:00</subfield>
    <subfield code="t">BOOK</subfield>
    <subfield code="w">ddc</subfield>
    <subfield code="y">0</subfield>
  </datafield>
  <datafield tag="952" ind1=" " ind2=" ">
    <subfield code="1">0</subfield>
    <subfield code="2">2022-03-15</subfield>
    <subfield code="4">0</subfield>
    <subfield code="7">0</subfield>
    <subfield code="a">621.395 MML</subfield>
    <subfield code="d">2022-03-15</subfield>
    <subfield code="h">EZF</subfield>
    <subfield code="i">00169092</subfield>
    <subfield code="m">EZF</subfield>
    <subfield code="r">2022-03-15 00:00:00</subfield>
    <subfield code="t">BOOK</subfield>
    <subfield code="w">ddc</subfield>
    <subfield code="y">0</subfield>
  </datafield>
</record>
